Introducción al análisis de circuitos (Registro nro. 233205)
[ vista simple ]
| 000 -LEADER | |
|---|---|
| campo de control de longitud fija | 00822nam a2200277Ia 4500 |
| 005 - FECHA Y HORA DE LA ÚLTIMA TRANSACCIÓN | |
| campo de control | 20250425162629.0 |
| 008 - DATOS DE LONGITUD FIJA--INFORMACIÓN GENERAL | |
| campo de control de longitud fija | 250425s9999 xx 000 0 und d |
| 020 ## - NÚMERO INTERNACIONAL ESTÁNDAR DEL LIBRO | |
| Número Internacional Estándar del Libro | 9786073205849 |
| 041 ## - CÓDIGO DE IDIOMA | |
| Código de lengua del texto/banda sonora o título independiente | spa |
| 043 ## - CÓDIGO DE ÁREA GEOGRÁFICA | |
| Código de área geográfica | mx |
| 082 ## - NÚMERO DE LA CLASIFICACIÓN DECIMAL DEWEY | |
| Número de clasificación | 621.3815 |
| Iniciales del Autor | BOY |
| 010 ## - NÚMERO DE CONTROL DE LA BIBLIOTECA DEL CONGRESO | |
| Número de control de LC | 91427 |
| 100 ## - ENTRADA PRINCIPAL--NOMBRE DE PERSONA | |
| Nombre de persona | Boylestad, Robert L. |
| 245 #0 - MENCIÓN DEL TÍTULO | |
| Título | Introducción al análisis de circuitos |
| Mención de responsabilidad, etc. | Robert L. Boylestad |
| 250 ## - MENCION DE EDICION | |
| Mención de edición | Doceava edición |
| 260 ## - PUBLICACIÓN, DISTRIBUCIÓN, ETC. | |
| Lugar de publicación, distribución, etc. | México |
| Nombre del editor, distribuidor, etc. | PEARSON EDUCACION |
| Fecha de publicación, distribución, etc. | 2011 |
| 300 ## - DESCRIPCIÓN FÍSICA | |
| Extensión | 914 páginas |
| Otras características físicas | ilustraciones |
| Dimensiones | 27 cm. |
| 500 ## - NOTA GENERAL | |
| Nota general | Incluye apéndice, glosario e índice |
| 500 ## - NOTA GENERAL | |
| Nota general | Título Traducido: INTRODUCTORY CIRCUIT ANALYSIS |
| 650 ## - PUNTO DE ACCESO ADICIONAL DE MATERIA--TÉRMINO DE MATERIA | |
| Término de materia o nombre geográfico como elemento de entrada | Capacitores |
| 650 ## - PUNTO DE ACCESO ADICIONAL DE MATERIA--TÉRMINO DE MATERIA | |
| Término de materia o nombre geográfico como elemento de entrada | Circuitos magnéticos |
| 650 ## - PUNTO DE ACCESO ADICIONAL DE MATERIA--TÉRMINO DE MATERIA | |
| Término de materia o nombre geográfico como elemento de entrada | Ley de OHM |
| 650 ## - PUNTO DE ACCESO ADICIONAL DE MATERIA--TÉRMINO DE MATERIA | |
| Término de materia o nombre geográfico como elemento de entrada | Transformadores |
| 700 ## - ENTRADA AGREGADA--NOMBRE PERSONAL | |
| Nombre de persona | NAVARRO SALAS, RODOLFO |
| Término indicativo de función/relación | traductor |
| 942 ## - ELEMENTOS DE ENTRADA SECUNDARIOS (KOHA) | |
| Tipo de ítem Koha | Libros |
| Estatus retirado | Estado de pérdida | Estado de daño | No para préstamo | Biblioteca de origen | Biblioteca actual | Fecha de adquisición | Coste, precio normal de compra | Etiqueta RFID | Total de préstamos | Código de barras | Visto por última vez | Fecha del último préstamo | Copia número | Tipo de ítem Koha | Nota pública |
|---|---|---|---|---|---|---|---|---|---|---|---|---|---|---|---|
| CENTRO DE INFORMACIÓN BIBLIOTECARIA | CENTRO DE INFORMACIÓN BIBLIOTECARIA | 04/08/2014 | 79.00 | 0000000000000000036971 | 2 | 68252 | 17/12/2025 | 10/12/2025 | 1 | Libros | Espol Tech E.P. | ||||
| CENTRO DE INFORMACIÓN BIBLIOTECARIA | CENTRO DE INFORMACIÓN BIBLIOTECARIA | 04/08/2014 | 79.00 | 0000000000000000036972 | 1 | 68253 | 14/07/2025 | 09/07/2025 | 2 | Libros | Espol Tech E.P. |